Chronique de criminologie: victimes mieux aidées, mieux indemnisées: des perspectives nouvelles

Gespeichert in:  
Bibliographische Detailangaben
1. VerfasserIn: Hauteville, Anne d' (Verfasst von)
Medienart: Druck Aufsatz
Sprache:Französisch
Veröffentlicht: 1989
In: Revue de science criminelle et de droit pénal comparé
Jahr: 1989, Heft: 1, Seiten: 172-175
Verfügbarkeit prüfen: HBZ Gateway
Schlagwörter:

MARC

LEADER 00000caa a2200000 c 4500
001 1634192060
003 DE-627
005 20220608095622.0
007 tu
008 131111s1989 xx ||||| 00| ||fre c
035 |a (DE-627)1634192060 
035 |a (DE-576)39603070X 
035 |a (DE-599)BSZ39603070X 
040 |a DE-627  |b ger  |c DE-627  |e rakwb 
041 |a fre 
100 1 |a Hauteville, Anne d'  |4 aut 
245 1 0 |a Chronique de criminologie  |b victimes mieux aidées, mieux indemnisées: des perspectives nouvelles  |c Anne D' Hauteville 
264 1 |c 1989 
336 |a Text  |b txt  |2 rdacontent 
337 |a ohne Hilfsmittel zu benutzen  |b n  |2 rdamedia 
338 |a Band  |b nc  |2 rdacarrier 
773 0 8 |i In  |t Revue de science criminelle et de droit pénal comparé  |d Paris : Dalloz, 1936  |g (1989), 1, Seite 172-175  |w (DE-627)129487120  |w (DE-600)205399-8  |w (DE-576)014878747  |x 0035-1733  |7 nnas 
773 1 8 |g year:1989  |g number:1  |g pages:172-175 
951 |a AR 
ELC |b 1 
LOK |0 000 xxxxxcx a22 zn 4500 
LOK |0 001 3288864878 
LOK |0 003 DE-627 
LOK |0 004 1634192060 
LOK |0 005 20250602142331 
LOK |0 008 131111||||||||||||||||ger||||||| 
LOK |0 040   |a DE-21-110  |c DE-627  |d DE-21-110 
LOK |0 689   |a s  |a Opferhilfe 
LOK |0 689   |a s  |a Mediation 
LOK |0 689   |a s  |a Opferentschädigung 
LOK |0 852   |a DE-21-110 
LOK |0 852 1  |m p  |9 00 
LOK |0 935   |a k110 
LOK |0 938   |k p 
LOK |0 939   |a 11-11-13  |b l01 
ORI |a SA-MARC-krimdoka001.raw